LEADER 01222nam a2200301 u 4500 001 000000063664 003 CaOOAMICUS 005 20070226121254.0 008 011105s1989 it u000 u ita u 020 $a8810104633 035 $a10908759 040 $aPUL(R)$bita 245 00$aBasilea : giustizia e pace :$bi documenti e un'interpretazione /$ca cura di Alfio Filippi. 260 $aBologna :$bEDB,$c1989. 300 $a223 p. ;$c24 cm 500 $aContiene indice. 650 4$aGiustizia.$0(OLS)http://pul/subject/5671 650 4$aPace.$0(OLS)http://pul/subject/4327 700 1 $aFilippi, Alfio.$0(OLS)http://pul/name/33487 850 $aPUL 852 $aPUL$W1$xSL Religione 1$y3$m75 O 124$j82596$nBK-PRI$b $qStampati$B82596$CPULBib$Z2$F82596 $81 852 $aPUL$W1$xDP1 Fondo G. Barberini$y122$m3 H 6$j166783$nBK-PRI$b 2 copia$qFondi$B180127$CPULBib$Z2$F180127 $HBar 1235 $81 941 1 $a1 941 1 $a8 961 $aINV: 66075 996 $6020$a8810104633$9(OLS)http://pul/number/82627 996 $6245$aBasilea : giustizia e pace :$bi documenti e un'interpretazione$9(OLS)http://pul/title/84870 996 $6260$aBologna :$bEDB$9(OLS)http://pul/publisher/56073 LEADER 01302nam a2200313 a 4500 001 000000146184 003 CaOOAMICUS 005 20151002100207.0 008 151002s2015 gw u000 u ger r 020 $z9783110411485* 040 $aPUL$bita 082 04$a103 100 1 $aLimberger, Veronika.$0(OLS)http://pul/name/93555 245 10$aEriugenas Hypertheologie /$cVeronika Limberger. 260 $aBerlin :$bWalter de Gruyter,$cİ2015. 300 $aXII, 223 p. ;$c25 cm 490 1 $aQuellen und Studien zur Geschichte der Philosophie ;$vBd. 125 500 $aComprende indici. 504 $aBibliografia p. [197]-217. 600 04$aIohannes Scotus Eriugena,$dc. 810-c. 877$xTeologia.$0(OLS)http://pul/subject/23813 830 0$aQuellen und Studien zur Geschichte der Philosophie ;$vBd. 125.$0(OLS)http://pul/title/854 850 $aPUL 852 $aPUL$W1$xSL Filosofia 3$y81$m103 COLL 10.125$j169062$qDDC 21$B169846$CPULBib$Z2$F169846 $H126317 $81 941 1 $a9 996 $6020$z9783110411485*$9(OLS)http://pul/number/158763 996 $6082$a103$9(OLS)http://pul/classification/621 996 $6245$aEriugenas Hypertheologie$9(OLS)http://pul/title/184815 996 $6260$aBerlin :$bWalter de Gruyter$9(OLS)http://pul/publisher/48231